| 000 | 00851nam a2200193Ii 4500 | ||
|---|---|---|---|
| 003 | JO-AjNU | ||
| 008 | 230605s9999||||xx |||||||||||||| ||und|| | ||
| 040 |
_aJO-AjNU _bara _erda _cJO-AjNU |
||
| 041 | _aara | ||
| 050 | 1 | 4 | _aHV 7935.S5822 2003 |
| 100 | 3 |
_aالشرمان، عديل احمد, _eauthor _99884 |
|
| 245 | 0 | 0 | _aالصورة الذهنية لرجل الشرطة لدى المواطن العربي: دراسة حالة على المجتمع القطري |
| 264 | 3 | 1 | _aد.م: رشاد برس، 2003 |
| 300 |
_a160ص _bيحتوي على ببلوغرافية و ملاحق من 142-160ص |
||
| 336 |
_atext _btxt _2rdacontent |
||
| 337 |
_aunmediated _bn _2rdamedia |
||
| 338 |
_avolume _bnc _2rdacarrier |
||
| 650 | 4 |
_aالشرطة - علم النفس البوليسي - جوانب اجتماعية - الشرطة والمجتمع - قطر _99885 |
|
| 999 |
_aA1526 _c5094 _d5094 |
||